La historia de los judíos.

Сохранить в:
Библиографические подробности
Главный автор: Johnson, Paul (autor)
Другие авторы: Leal, Aníbal (traducción)
Формат:
Язык:испанский
Опубликовано: Buenos Aires, Argentina: Javier Vergara, 1991.
Предметы:
Метки: Добавить метку
Нет меток, Требуется 1-ая метка записи!

MARC

LEADER 00000nam a2200000 a 4500
001 UCW5844
003 CL-VaPUC
005 20231031101737.0
008 910816e19910000AG |||||||||||||||||spa|d
999 |c 219161  |d 219159 
020 |a 950-15-1052-2 
040 |c Pontificia Universidad Católica de Valparaíso 
082 0 4 |a 909.049 JOH 1991   |2 21 
100 |a Johnson, Paul  |e autor  |9 582295 
245 1 3 |a La historia de los judíos. 
260 |a Buenos Aires, Argentina:   |b Javier Vergara,   |c 1991.  
300 |a 656 páginas.  
500 |a c.4 Donación Familia Prof. Alejandro Guzmán Brito. c.5 Donación Sr. Jorge Precht Pizarro. 26-05-23. Biblioteca Teología. 
583 |a last modification  |c 19910816 00:00:00  |k Rodrigo Vera 
650 0 |a Judíos  |9 313771  |x Historia 
650 0 |a Judaísmo  |x Historia   |9 865948 
700 |a Leal, Aníbal  |e traducción  |9 865924 
942 |c BK  |2 ddc  |n 0 
945 |d 19910816 00:00:00 
952 |0 0  |1 0  |4 0  |6 909_049000000000000_JOH_1991  |7 0  |8 A  |9 209734  |a BIBHIS  |b BIBHIS  |d 2019-11-15  |i 2776197  |l 2  |o 909.049 JOH 1991  |p 2776197  |r 2025-01-20  |s 2024-10-23  |w 2019-11-15  |y BK  |k HIS 
952 |0 0  |1 0  |4 0  |6 909_049000000000000_JOH_1991  |7 0  |8 A  |9 209735  |a BIBEDU  |b BIBEDU  |d 2019-11-15  |i 2776200  |o 909.049 JOH 1991  |p 2776200  |r 2019-11-15  |w 2019-11-15  |y BK  |k EDU 
952 |0 0  |1 0  |4 0  |6 909_049000000000000_JOH_1991  |7 0  |8 A  |9 209736  |a BIBTEO  |b BIBTEO  |d 2019-11-15  |i 333385K  |o 909.049 JOH 1991  |p 333385K  |r 2025-01-17  |w 2019-11-15  |y BK  |k ICR 
952 |0 0  |1 0  |2 ddc  |4 0  |6 909_049000000000000_JOH_1991  |7 1  |8 C_AGB  |9 580745  |a BIBDER  |b BIBDER  |d 2022-01-20  |e Donación   |i 5640873  |o 909.049 JOH 1991  |p 5640873  |r 2023-01-25  |t 4  |w 2022-01-20  |y BK_US  |k AGB 
952 |0 0  |1 0  |2 ddc  |4 0  |6 909_049000000000000_JOH_1991  |7 0  |8 A  |9 592194  |a BIBTEO  |b BIBTEO  |c GEN  |d 2023-10-31  |e Donación   |i 5659208  |o 909.049 JOH 1991  |p 5659208  |r 2025-01-17  |t 5  |w 2023-10-31  |y BK  |k ICR